Library Banner

Dynamics of the Arab-Israel conflict : (Record no. 110594)

MARC details
000 -LEADER
fixed length control field 00479nam a22001577a 4500
005 - DATE AND TIME OF LATEST TRANSACTION
control field 20190201092530.0
008 - FIXED-LENGTH DATA ELEMENTS--GENERAL INFORMATION
fixed length control field 190201b ||||| |||| 00| 0 eng d
020 ## - INTERNATIONAL STANDARD BOOK NUMBER
International Standard Book Number 9783319475745
040 ## - CATALOGING SOURCE
Transcribing agency PK-LaUMT
082 ## - DEWEY DECIMAL CLASSIFICATION NUMBER
Classification number 956.053
Item number BRE-D
100 ## - MAIN ENTRY--PERSONAL NAME
Personal name Brecher, Michael
245 ## - TITLE STATEMENT
Title Dynamics of the Arab-Israel conflict :
Remainder of title past and present : intellectual odyssey II /
Statement of responsibility, etc by M ichael Brecher
260 ## - PUBLICATION, DISTRIBUTION, ETC. (IMPRINT)
Place of publication, distribution, etc Switzerland :
Name of publisher, distributor, etc Palgrave Macmillan,
Date of publication, distribution, etc 2017
300 ## - PHYSICAL DESCRIPTION
Extent 410 p.
942 ## - ADDED ENTRY ELEMENTS (KOHA)
Koha item type Books
Holdings
Withdrawn status Lost status Damaged status Home library Current library Date acquired Full call number Barcode Date last seen Price effective from Koha item type
      UMT Main Campus UMT Main Campus 2019-02-01 956.053 BRE-D 128178 2019-02-01 2019-02-01 Books